01127njm a2200241Ia 450000100060000000300090000600500170001500800410003204000130007304000130008610000180009910000180011710000370013524500410017225000110021326000120022426000610023630000170029750000160031450504430033065000510077370000610082464460IT-RoPAU20220918181127.0131025s9999 xx 000 0 und d aIT-RoPAU cIT-RoPAU aBeatles (The) eAutore musica gCodice autore musica SPICS: 9428 aLet It Be (The Beatles)-Cdp7 46447 2 a1a ed. aENGLAND bEMI RECORDSc1987 [1a Ed.:1970 - Ed. Lingua Orig.: 1970] aCOMPACT DISC aMusica pop. aTwo of Us (Lennon-McCartney) - Dig A Pony (Lennon-McCartney) - Across the Universe (Lennon-McCartney) - I Me Mine (Harrison) - Let It Be (Lennon-McCartney) - Dig It (Lennon-McCartney-Starkey-Harrison) - Maggie Mae (Trad. arr. Lennon-McCartney-Harrison-Starkey) - I've Got A Feeling (Lennon-McCartney) - One After 909 (Lennon-McCartney) - The Long and Winding Road (Lennon-McCartney) - For You Blue (Harrison) - Get Back (Lennon-McCartney) aPOP [COMPACT DISC]eCodice MATERIA SPICS: 9949 aBeatles (The)gCodice interprete SPICS: 9428eInterprete